000 00280nam a22001097a 4500
008 170112b xxu||||| |||| 00| 0 eng d
020 _a9780131597006
041 _aeng
080 _27TH
_a618.2
245 _aLABORATORY TESTS AND DIAGNOSTIC PROCEDURES
_cCORBETT, J.V
942 _2udc
_cBK
999 _c2745
_d2745